00332 a2200109 450000100060000008200140000610000230002024500880004326000340013130000110016565000460017692432 a297.5 RAF aRafi Muhammad Prof aRight pathway; ethical and moral values for all ages in the light of quranic verses aLahorebParamount Booksc2015 a267 p. aethical and moral values - quranic verses